00511nam a2200193 a 4500001001300000003000900013005001700022008004100039020001000080082001800090100004000108245002100148260004100169300000900210500003500219505001300254650001000267700004000277nice12345678IN_TiNIC20260116011929.0050524s1939 laha grp 000 0 urd  ac10000a294.5921bSAR aSaraswati Maharishi, Swami Dayanand aSatyarth Prakash aLahorebArya Prati Nidhi Sabhac1939 a791p aincludes index and biblioraphy2 aappendix aVedas1 aSaraswati Maharishi, Swami Dayanand